00389nam a2200145 a 450000100100000000500170001000800410002704000250006808200150009310000160010824500430012426000300016730000210019753400250021800003622520200930074955.0120111s19uu mx 000 0 spa d aDO-SdBNPbspacBNPHU axxxxbY95i1 aYutang, Lin13aLa importancia de vivir /cLin Yutang. aMexico :bDiana,c[19uu]? a597 p. ;c19 cm. tImportance of living